| 000 | 00842nam a2200253Ia 4500 | ||
|---|---|---|---|
| 003 | OSt | ||
| 005 | 20221005113220.0 | ||
| 006 | a|||||r|||| 00| 0 | ||
| 007 | ta | ||
| 008 | 221004b |||||||| |||| 00| 0 pan d | ||
| 020 |
_a9789383654871 (hbk) _c250 |
||
| 024 | _a17662 | ||
| 037 |
_b913, 20/03/2015, H.K. Prakashan _cTextual |
||
| 040 |
_aCRL _cCRL _bpan |
||
| 041 |
_2pan _apan |
||
| 082 | _aO153,6N48w,1, Q4 | ||
| 100 | _aਦੇਵਿੰਦਰ ਕੌਰ | ||
| 245 | 0 | _aਵਹੀ ਖਾਤਾ | |
| 260 |
_aਪਟਿਆਲਾ _bਸੰਗਮ ਪਬਲੀਕੇFਨਗ਼ ਭਾਰਤ _c2014 |
||
| 300 |
_a199ਪੰ _ccm. |
||
| 650 | _aਪੰਜਾਬੀ ਸਾਹਿਤ | ||
| 942 |
_hO153,6N48w,1, Q4 _cTEXL _2cc |
||
| 999 |
_c1027421 _d1027421 |
||